Akufo; an environmental study of a Nigerian village community,

Saved in:
நூற்பட்டியல் விவரங்கள்
தலைமை எழுத்தாளர்: Gilles, Herbert Michael.
வடிவம்: புத்தகம்
மொழி:English
வெளியீடப்பட்டது: [Ibadan, Nigeria] Ibadan University Press, 1965 [c1964]
பகுதிகள்:
குறியீடுகள்: குறிச்சொல் இணை
குறியீடுகள் இல்லை, இந்த குறிச்சொல்லை முதலில் பதிவு செய்யுங்கள்!
LEADER 00879cam a2200241I 4500
001 005299133-4
005 20020606095253.2
008 740530c19651964nr a b 000 0 eng
010 |a  67005905  
035 0 |a ocm00905038 
040 |a DLC  |c OSU  |d SER  |d HLS 
043 |a f-nr--- 
050 0 |a RA552.N5  |b G5 1965 
100 1 |a Gilles, Herbert Michael. 
245 1 0 |a Akufo;  |b an environmental study of a Nigerian village community,  |c by H.M. Gilles. With a foreword by B.G. Maegraith. 
260 |a [Ibadan, Nigeria]  |b Ibadan University Press,  |c 1965 [c1964] 
300 |a 80 p.  |b illus.  |c 22 cm. 
504 |a Bibliography: p. 74-77. 
650 0 |a Health surveys. 
650 0 |a Public health  |z Nigeria. 
776 0 8 |i Online version:  |a Gilles, H.M. (Herbert Michael), 1921-  |t Akufo.  |d [Ibadan, Nigeria] Ibadan University Press, 1965 [©1964]  |w (OCoLC)624473716 
988 |a 20020608 
906 |0 DLC